[Event "Carvalho Memorial op"]
[Site "Juazeiro do Norte"]
[Date "2011.10.14"]
[Round "2.10"]
[White "Silva, Leonardo Bernardo"]
[Black "Nery, Anderson Cleyton Ra"]
[Result "0-1"]
[WhiteElo "1779"]
[BlackElo "1857"]
[PlyCount "82"]
[EventDate "2011.10.14"]
[EventType "swiss"]
[EventRounds "6"]
[EventCountry "BRA"]
[SourceTitle "EXT 2012"]
[Source "ChessBase"]
[SourceDate "2011.11.24"]
[SourceVersion "1"]
[SourceVersionDate "2011.11.24"]
[SourceQuality "1"]

1. d4 Nf6 2. c4 e6 3. Nc3 d5 4. Bg5 Be7 5. e3 c6 6. Nf3 0-0 7. Bd3 Nbd7 8. 0-0 dxc4 9. Bxc4 Nd5 10. Bxe7 Qxe7 11. Rc1 N5f6 12. Qe2 e5 13. dxe5 Nxe5 14. Nxe5 Qxe5 15. h3 Qg5 16. f4 Qh6 17. e4 Nh5 18. Qf3 Be6 19. Bd3 g5 20. f5 Bd7 21. e5 Nf4 22. Bb1 Qg7 23. Rcd1 Rad8 24. Rfe1 Rfe8 25. f6 Qf8 26. Ne4 Rxe5 27. Nxg5 Rxe1+ 28. Rxe1 Qc5+ 29. Kh1 Qxg5 30. Rd1 Qxf6 31. Qg3+ Ng6 32. h4 Qxh4+ 33. Qxh4 Nxh4 34. Kg1 Kf8 35. g3 Ng6 36. Bf5 Ke7 37. Re1+ Be6 38. Re2 b6 39. Kf2 c5 40. Kf3 Rd5 41. g4 Kd6 0-1